000 01000nam a22003137a 4500
003 CHAP
005 20220329135754.0
008 971013s1954 r 00010 d
010 _a41840
011 _a42812
035 _a46942
040 _cCHAP
082 _a612.4
_bE8
100 0 0 _aEscamilla, Roberto F.
_937460
245 _aLaboratory aids in endocrine dignosis
260 _aSpringfield, Ill. :
_bThomas,
_c1954
300 _a131 p.
_b: ilus.
490 _aAmerican lectures series. publication
_v; 212
590 _aBATCH-UPD
_b10
_c20130109
_lUCH01
_h2357
590 _aBATCH-UPD
_b10
_c20130110
_lUCH01
_h2230
590 _aBATCH-UPD
_b10
_c20130409
_lUCH01
_h1930
590 _aBATCH-UPD
_b10
_c20130914
_lUCH01
_h1305
590 _aCONVERSION
_b10
_c20130109
_lUCH01
_h1323
650 1 4 _aEndocrinologĂ­a.
_936871
830 0 _aAmerican lectures series. publication
_v; 212
_95257
901 _aBK
942 _cLIBRO
949 _a612.4 E8
_bBC
_cLIBRO
_d33724000011672
_eLIBRO
_h12265
_i46942
_si
999 _c41840
_d41840